| 000 | 01184cam a2200349 a 4500 | ||
|---|---|---|---|
| 999 |
_c14206 _d14206 |
||
| 003 | BJBSDDR | ||
| 005 | 20230410101808.0 | ||
| 007 | ta | ||
| 008 | 040429s2003 pn ab b 000 0 spa | ||
| 020 | _a9962886201 | ||
| 020 | _a9789962886204 | ||
| 035 | _a(NcChVT)VT91PN102 | ||
| 040 |
_aDLC _cDLC _bspa |
||
| 041 | _aeng | ||
| 042 | _apcc | ||
| 043 |
_ancpn--- _an-us--- |
||
| 050 | 1 | 4 |
_aUG 421 _bB873g 2003 |
| 100 | 1 |
_aBrooks, Charles Morris, _d1955- |
|
| 245 | 1 | 0 |
_aGuarding the crossroads : _bsecurity and defense of the Panama Canal / _c[Charles Morris Brooks]. |
| 250 | _a1st. ed. | ||
| 260 |
_a[Panamá?] : _bP & P Group, _c2003. |
||
| 300 |
_a283 p. : _bill., maps ; _c24 cm. |
||
| 504 | _aIncludes bibliographical references (p. 275-282). | ||
| 650 | 0 |
_aFortification _zPanama _zPanama Canal. |
|
| 650 | 0 |
_aNational security _zUnited States. |
|
| 650 | 4 |
_aSeguridad nacional _zEstados Unidos _9430 |
|
| 651 | 0 | _aPanama Canal (Panama) | |
| 651 | 4 |
_aCanal de Panamá (Panamá) _92715 |
|
| 906 |
_a7 _bcbc _corigres _d2 _encip _f20 _gy-gencatlg |
||
| 942 |
_2lcc _cBK |
||